00752nam a22002292 4500001001100000005001700011008004100028020001700069040001500086100003000101245005900131250001300190260004400203300001600247650005700263700002800320852001300348908001100361950000600372999001700378952012700395000002399120151217155235.0130424s xx 000 0 eng d a0443054193 : aKABUcKABU1 aSmiddy, F. G.@000018385110aMCQs in general pathology /cF. G. Smiddy, J. L. Turk. a2nd ed. aLondon :bChurchill Livingstone,c1997. axi, 306 p. 0aPathologyxExaminations, questions, etc.@00001837491 aTurk, J. L.@00001838521 9p400 KES a130424 @1 c12217d12217 00102lcc70aKABUbKABUd2015-12-17l19m1oRB119 .S65 1997 c. 1p015096r2022-10-03 00:00:00s2022-09-21w2015-12-17yBK